Algorithm design / (Record no. 29891)
[ view plain ]
| 000 -LEADER | |
|---|---|
| fixed length control field | 00536 a2200169 4500 |
| 020 ## - INTERNATIONAL STANDARD BOOK NUMBER | |
| International Standard Book Number | 0321295358 |
| 020 ## - INTERNATIONAL STANDARD BOOK NUMBER | |
| International Standard Book Number | 9780321295354 |
| 082 ## - DEWEY DECIMAL CLASSIFICATION NUMBER | |
| Classification number | 005.1 |
| 090 ## - LOCALLY ASSIGNED LC-TYPE CALL NUMBER (OCLC); LOCAL CALL NUMBER (RLIN) | |
| -- | 1278 |
| -- | 1278 |
| 100 1# - MAIN ENTRY--PERSONAL NAME | |
| Personal name | Kleinberg, Jon. |
| 245 10 - TITLE STATEMENT | |
| Title | Algorithm design / |
| Statement of responsibility, etc. | Jon Kleinberg, Eva Tardos. |
| 260 ## - PUBLICATION, DISTRIBUTION, ETC. | |
| Place of publication, distribution, etc. | [S.l.] : |
| Name of publisher, distributor, etc. | Addison Wesley, |
| Date of publication, distribution, etc. | 2006. |
| 300 ## - PHYSICAL DESCRIPTION | |
| Extent | 864 p. ; |
| Dimensions | 23 cm. |
| 700 1# - ADDED ENTRY--PERSONAL NAME | |
| Personal name | Tardos, Eva. |
| 942 ## - ADDED ENTRY ELEMENTS (KOHA) | |
| Institution code [OBSOLETE] | SNS |
| Koha item type | Book |
| Call number prefix | 005.1 KLE |
| Withdrawn status | Lost status | Damaged status | Not for loan | Permanent Location | Current Location | Date acquired | Total Checkouts | Full call number | Barcode | Date last seen | Price effective from | Koha item type |
|---|---|---|---|---|---|---|---|---|---|---|---|---|
| School of Natural Sciences (SNS) | School of Natural Sciences (SNS) | 05/26/2016 | 005.1 KLE | SNS0001311 | 09/24/2024 | 05/26/2016 | Book |
